000 00590cam a2200181 4500500
005 20260405001312.0
041 _afre
042 _adc
100 1 0 _aLegros, Martin
_eauthor
245 0 0 _aLaurent Barry. « Les sociétés polygames ne sont pas les plus phallocrates »
260 _c2012.
500 _a22
690 _aAnthropologie
690 _aPolygamie
690 _aPolygynie
786 0 _nPhilosophie magazine | 61 | 7 | 2012-07-01 | p. 65-69 | 1951-1787
856 4 1 _uhttps://shs.cairn.info/magazine-philosophie-magazine-2012-7-page-65?lang=fr&redirect-ssocas=7080
999 _c2046142
_d2046142